Countries with Writings on Their Flags - Statistics

General Stats
  • This quiz has been taken 1,079 times
  • The average score is 3 of 9
Answer Stats
Hint Answer % Correct
Ordem e Progresso Brazil
90%
Allahu Akbar Iraq
65%
Dios Union Libertad El Salvador
37%
Sub Umbra Floreo Belize
35%
Libertas San Marino
30%
L'Union Fait La Force Haiti
28%
Virtus Unita Fortior Andorra
23%
Dios Patria Libertad Dominican Republic
21%
Unidad Paz Justicia Equatorial Guinea
14%
No matching quizzes found
Score Distribution
Percent of People with Each Score
Percentile by Number Answered
Your Score History
You have not taken this quiz